Catálogo

RECIENTES LETRAS POBLANAS : (Registro nro. 43350)

Detalles MARC
000 -LEADER
fixed length control field 00938nam a2200193 a 4500
001 - CONTROL NUMBER
control field 43350
005 - DATE AND TIME OF LATEST TRANSACTION
control field 20180714021838.0
008 - FIXED-LENGTH DATA ELEMENTS--GENERAL INFORMATION
fixed length control field 140415s1993 mx 000 0 spa d
041 ## - LANGUAGE CODE
Language code of text/sound track or separate title spa
082 ## - DEWEY DECIMAL CLASSIFICATION NUMBER
Classification number 863
Item number REC
245 00 - TITLE STATEMENT
Title RECIENTES LETRAS POBLANAS :
Remainder of title ANTOLOGIA
250 ## - EDITION STATEMENT
Edition statement 1a ed.
260 ## - PUBLICATION, DISTRIBUTION, ETC.
Place of publication, distribution, etc. MEXICO :
Name of publisher, distributor, etc. SECRETARIA DE CULTURA DEL GOBIERNO DEL EDO. DE PUE,
Date of publication, distribution, etc. 1993
300 ## - PHYSICAL DESCRIPTION
Extent 183
Dimensions x 13.8 x 21.3
490 ## - SERIES STATEMENT
Series statement PUEBLA
500 ## - GENERAL NOTE
General note COLECCIÓN PUEBLA
520 ## - SUMMARY, ETC.
Summary, etc. ESTE LIBRO TRATA SOBRE LAS ACCIONES QUE LA SECRETARÍA DE CULTURA DEL GOBIERNO DEL ESTADO HA EMPRENDIDO EN BUSCA DEL ROTRO DE LA REALIDAD VIVA DE LA ENTIDAD, SE ENCUENTRA LA SERIE DE PRESENTACIONES BAJO EL RUBRO DE RECIENTES LETRAS POBLANAS, CONVOCANDO A POETAS Y ESCRITORES DE LAS MÁS DISÍMILES TENDENCIAS Y FUE ASÍ COMO SEMANA A ASEMANA FUERON ACOGIDAS TODA Y CADA UNA DE LAS EXPRESIONES EN FOROS.
650 14 - SUBJECT ADDED ENTRY--TOPICAL TERM
Topical term or geographic name entry element PUEBLA (CIUDAD)
General subdivision LITERATURA
Existencias
Withdrawn status Lost status Source of classification or shelving scheme Damaged status Not for loan Collection code Home library Current library Shelving location Date acquired Source of acquisition Inventory number Total Checkouts Full call number Barcode Date last seen Price effective from Koha item type
    Dewey Decimal Classification   Consulta en sala Puebla Biblioteca Karol Wojtyla Biblioteca Karol Wojtyla Área de silencio 03/12/2013 Compra 151000000000000000072912   863 REC 65191 05/01/2026 03/12/2013 Libro